Top 20 Presenze UEFA Champions League - Statistics

Statistiche generali
  • Questo quiz è stato fatto 316 volte
    97 dall'ultimo reset
  • Il punteggio medio è 17 su 20
Statistiche sulle risposte
Presenze Nazione Stagioni in Champions League Presenze per squadra Calciatore % Corretto
187 Portogallo 2002-2022 Sporting Lisbona 1, Manchester United 62, Real Madrid 101, Juventus 23 Cristiano Ronaldo
100%
163 Argentina 2005-2023 Barcellona 149, Paris Saint-Germain 14 Lionel Messi
98%
164 Germania 2008-2025 Bayern Monaco 164 Thomas Müller
96%
132 Italia 1997-1998, 1999-2000, 2001-2006, 2008-2010, 2012-2021 Parma 10, Juventus 117, Paris Saint-Germain 5 Gianluigi Buffon
95%
153 Croazia 2006-2007, 2010-2011, 2012- Dinamo Zagabria 10, Tottenham 9, Real Madrid 134 Luka Modrić
95%
139 Italia 1988-1991, 1992-1995, 1996-1997, 1999-2001, 2002-2008 Milan 139 Paolo Maldini
92%
132 Spagna 2002-2003, 2004-2018 Barcellona 132 Andrés Iniesta
91%
134 Polonia 2011- Borussia Dortmund 28, Bayerm Monaco 78, Barcellona 27 Robert Lewandowski
90%
152 Francia 2005-2023 Olympique Lione 19, Real Madrid 133 Karim Benzema
89%
153 Germania 2007-2008, 2010- Schalke 04 22, Bayern Monaco 130 Manuel Neuer
87%
181 Spagna 1999-2019 Real Madrid 152, Porto 29 Iker Casillas
86%
157 Spagna 1998-2003, 2004-2015 Barcellona 157 Xavi
86%
150 Germania 2008-2009, 2010- Bayern Monaco 43, Real Madrid 107 Toni Kroos
81%
130 Spagna 2004-2005, 2007-2022 Manchester United 4, Barcellona 126 Gerard Piqué
79%
144 Spagna 1995-1996, 1997-2012 Real Madrid 132, Schalke 04 12 Raúl González Blanco
79%
142 Spagna 2005-2021, 2022- Real Madrid 129, Paris Saint-Germain 6, Siviglia 7 Sergio Ramos
79%
131 Olanda 1994-1995, 1997-1999, 2000-2001, 2002-2008, 2009-2012 Ajax 11, Real Madrid 25, Inter 2, Milan 93 Clarence Seedorf
78%
151 Galles 1993-1995, 1996-2014 Manchester United 151 Ryan Giggs
76%
129 Spagna 2008- Barcellona 129 Sergio Busquets
70%
130 Inghilterra 1994-1995, 1996-2013 Manchester United 130 Paul Scholes
58%
Nessun quiz corrispondente trovato
Distribuzione punteggi
Percentuale di utenti per punteggio
Percentile per numero di risposta
I tuoi punteggi nel tempo
Non hai fatto questo quiz dall'ultimo reset